000 02383nam a22003011 4500
005 20050808122104.0
008 721219s1962 nyu 000 0 eng
010 _aB-340689-695
020 _a9788126023547
_c225.00
035 _aB-340689-695
037 _bNorth India Publishers & Distributors
040 _adpl
_bEnglish
082 _a863.1092
245 _aSunil Gangopadhyay:
_cedited, complied and with an introduction by Enakshi Chatterjee
_ba reader /
260 _aNew Delhi
_bSahitya Akademi
_c2009
270 _aRabindra Bhavan, 35 Ferozeshah Road
_bNew Delhi
_e110001
300 _axxvii, 427p.
_c21cm. (Hb)
700 _aChatterjee, Enakshi
942 _2ddc
_cEN
_h863.1092
_mSUN
999 _c24495
_d24495